Pasy rzeźby terenu w Polsce - Statystyki

Ogólne statystyki
  • Ten quiz został rozwiązany 219 razy
  • Średni wynik to 5 z 6
Statystyki odpowiedzi
Odpowiedź % Poprawnych
Pas nizin
94%
Pas gór
92%
Pas pojezierzy
91%
Pas wyżyn
89%
Pas kotlin
88%
Pas pobrzeży
86%
Nie znaleziono quizów pasujących do podanych kryteriów
Rozkład punktacji
Procent ludzi z każdym wynikiem
Percentyl według liczby udzielonych odpowiedzi
Twoja historia wyników
Nie rozwiązałeś tego quizu